000 00424nam a2200157Ia 4500
008 210719s2001 xx 000 0 und d
041 _aeng
082 _aH891.8 SOAN
100 _aSOARES (A) and others.
245 _aNiyogi ayog-report: ek vishleshan.
260 _aVaranasi.
_bSatya Manthan Sanstha.,
_c2001
300 _a72
_bPB
365 _cRs
650 _aHindi Miscellaneous
906 _aNiyogi Commission Report
999 _c213499
_d213499